000 00495cam a22001457a 4500
008 180718b1984 xxu||||| |||| 00| 0 eng d
082 _aT39 In2s
100 _aRao, P.V. Narasimha
245 _aSouth - South cooperation
_cby P.V. Narasimha Rao
260 _aNew Delhi
_bIndian Institute of Public Administration
_c1984
300 _a14p.
440 _aEndowment lecture - 2
500 _aLecture delivered on annual foundation day on March 29, 1984
650 _aInternational Economic Relations
999 _c475911
_d475911